00555nam a2200181Ia 4500008004100000100002200041245004200063245002100105260002400126260000900150300002300159440003100182650002600213650002700239650001400266999001900280952007400299190430s9999 xx 000 0 und d aValencia, Czeriza aNEDA carfts Boracay recovery program/ cCzeriza Valencia bThe Philippine Star c2018 aPage B5, August 28 aThe Philippine Starv33:32 aBoracay (Philippines) aecological restoration aGeography c361776d361776 001040aLUXbLUXd2019-04-30l0r2019-04-30 00:00:00w2019-04-30ySE